Conflictualidad de las controversias en las redes digitales: Tensiones, autocensura y transformación del debate público (notice n° 1802476)
[ vue normale ]
| 000 -LEADER | |
|---|---|
| fixed length control field | 01253cam a2200181 4500500 |
| 005 - DATE AND TIME OF LATEST TRANSACTION | |
| control field | 20260329001138.0 |
| 041 ## - LANGUAGE CODE | |
| Language code of text/sound track or separate title | fre |
| 042 ## - AUTHENTICATION CODE | |
| Authentication code | dc |
| 100 10 - MAIN ENTRY--PERSONAL NAME | |
| Personal name | Béliard, Anne-Sophie |
| Relator term | author |
| 245 00 - TITLE STATEMENT | |
| Title | Conflictualidad de las controversias en las redes digitales: Tensiones, autocensura y transformación del debate público |
| 260 ## - PUBLICATION, DISTRIBUTION, ETC. | |
| Date of publication, distribution, etc. | 2025.<br/> |
| 500 ## - GENERAL NOTE | |
| General note | 95 |
| 520 ## - SUMMARY, ETC. | |
| Summary, etc. | Este artículo analiza las dinámicas de conflictualidad que han estructurado las controversias en las redes sociales digitales durante la crisis de la COVID-19. Hay ciertos mecanismos que favorecen el aumento de las tensiones en línea: sobrecarga de información, transformación de los debates en enfrentamientos polarizados, influencia de los algoritmos en la radicalización de los intercambios, desconfianza creciente hacia las instituciones. Las lógicas de compromiso, retirada o autocensura reconfiguran las formas de participación en línea y la conflictualidad tiende a convertirse en un modo habitual de interacción. |
| 700 10 - ADDED ENTRY--PERSONAL NAME | |
| Personal name | Figeac, Julien |
| Relator term | author |
| 700 10 - ADDED ENTRY--PERSONAL NAME | |
| Personal name | Bideau, Laëtitia |
| Relator term | author |
| 786 0# - DATA SOURCE ENTRY | |
| Note | Empan | 140 | 4 | 2025-11-25 | p. 57-64 | 1152-3336 |
| 856 41 - ELECTRONIC LOCATION AND ACCESS | |
| Uniform Resource Identifier | <a href="https://shs.cairn.info/revista-empan-2025-4-page-57?lang=es&redirect-ssocas=7080">https://shs.cairn.info/revista-empan-2025-4-page-57?lang=es&redirect-ssocas=7080</a> |
Pas d'exemplaire disponible.




Réseaux sociaux